000 00295nam a2200121Ia 4500
008 191201s2008 xx 000 0 und d
100 _aSTRONG, Terence
245 0 _aSons of Heaven
260 _aUnited kingdom
_bCoxswyman Ltd
_c2008
300 _a514
650 _aGeneral Books
942 _2ddc
_cBK
999 _c4385
_d4385